书目信息 |
| 题名: |
你不行我行
|
|
| 作者: | ;志华朋友 编 | |
| 分册: | ||
| 出版信息: | 北京 北京师范大学出版社 1993.5 |
|
| 页数: | 183页 | |
| 开本: | 19cm | |
| 丛书名: | 心理·健康·生活丛书 | |
| 单 册: | ||
| 中图分类: | C912.1 | |
| 科图分类: | 59.88 | |
| 主题词: | 人间交往 | |
| 电子资源: | ||
| ISBN: | 7-303-02252-X | |
| 000 | 00823nam2 2200253 45 | |
| 001 | 1568756192 | |
| 005 | 20150130190615.79 | |
| 010 | @a7-303-02252-X@dCNY4.60 | |
| 100 | @a19800101d1993 em y0chiy0121 ea | |
| 101 | 0 | @achi |
| 102 | @aCN@b110000 | |
| 105 | @ay z 000yy | |
| 200 | 10 | @a你不行我行@ANI BU XING WO XING@e适应社会的技巧@ESHI YING SHE HUI DE JI QIAO@f志华朋友编@FZHI HUA PENG YOU BIAN |
| 210 | @a北京@c北京师范大学出版社@d1993.5 | |
| 215 | @a183页@d19cm | |
| 225 | 2 | @a心理·健康·生活丛书 |
| 330 | @a本书介绍了求职要术、为人处世的绝招、心理的自我调节、社会生活的基本礼仪和常识等。 | |
| 410 | 0 | @120010@a心理·健康·生活丛书 |
| 606 | @a人间交往 | |
| 690 | @aC912.1@v三版 | |
| 692 | @a59.88 | |
| 711 | 02 | @a志华朋友@AZHI HUA PENG YOU@4编 |
| 801 | 0 | @aCN@bTSSF@c20150130 |
| 905 | @aZUCC@dC912.1@eJY13 | |
| 你不行我行:适应社会的技巧/志华朋友编.-北京:北京师范大学出版社,1993.5 |
| 183页;19cm.-(心理·健康·生活丛书) |
| ISBN 7-303-02252-X:CNY4.60 |
| 本书介绍了求职要术、为人处世的绝招、心理的自我调节、社会生活的基本礼仪和常识等。 |
| ● |
| 相关链接 |
|
|
|
|
正题名:你不行我行
索取号:C912.1/JY13
 
预约/预借
| 序号 | 登录号 | 条形码 | 馆藏地/架位号 | 状态 | 备注 |
| 1 | 7846955 | 278469550 | 学院路分馆/ [索取号:C912.1/JY13] | 在馆 |